000 00623nam a2200241 i 4500
001 C2-0082323
003 PPAK
005 20180727084922.0
008 970429s1983 ilua|||| ||||| | eng d
020 _a0516078364
040 _aPPAK
_beng
_cPPAK
_erda
082 0 4 _a574.5
_223
090 0 0 _a574.5
_bRAD
_dK
100 1 _aRadlauer, Ruth,
_eauthor
245 1 0 _aReefs
264 1 _aChicago :
_bChildrens Press ,
_c1983
300 _a48 pages :
_bcolour illustrations ;
_c24 cm
336 _2rdacontent
_atext
337 _2rdamedia
_aunmediated
338 _2rdacarrier
_avolume
700 _eauthor
942 _ddc
_cB
999 _c15199
_d15199